Eastern Utah Libraries Catalog: Duchesne, Heber, Roosevelt, & Vernal

Daniel goes to the carnival / (Record no. 242171)

MARC details
000 -LEADER
fixed length control field 01692cam a2200409Ii 4500
001 - CONTROL NUMBER
control field ocn960031219
003 - CONTROL NUMBER IDENTIFIER
control field OCoLC
005 - DATE AND TIME OF LATEST TRANSACTION
control field 20190307145034.0
008 - FIXED-LENGTH DATA ELEMENTS--GENERAL INFORMATION
fixed length control field 161010s2017 nyua b 000 1 eng d
020 ## - INTERNATIONAL STANDARD BOOK NUMBER
International Standard Book Number 1481478087
Qualifying information (paperback)
020 ## - INTERNATIONAL STANDARD BOOK NUMBER
International Standard Book Number 9781481478083
Qualifying information (paperback)
035 ## - SYSTEM CONTROL NUMBER
System control number (OCoLC)960031219
Canceled/invalid control number (OCoLC)960287637
040 ## - CATALOGING SOURCE
Original cataloging agency YDX
Language of cataloging eng
Description conventions rda
Transcribing agency YDX
Modifying agency OCLCQ
-- BTCTA
-- BDX
-- OCLCQ
-- OCO
-- NYP
049 ## - LOCAL HOLDINGS (OCLC)
Holding library UOKA
082 04 - DEWEY DECIMAL CLASSIFICATION NUMBER
Classification number [E]
Edition number 23
092 ## - LOCALLY ASSIGNED DEWEY CALL NUMBER (OCLC)
Classification number E SANTOME
999 ## - SYSTEM CONTROL NUMBERS (KOHA)
Koha Dewey Subclass [OBSOLETE] 03259753
100 1# - MAIN ENTRY--PERSONAL NAME
Personal name Santomero, Angela C.
Relator term author.
9 (RLIN) 48424
245 10 - TITLE STATEMENT
Title Daniel goes to the carnival /
Statement of responsibility, etc adapted by Angela C. Santomero ; written by Dustin Ferrer ; poses and layouts by Jason Fruchter.
250 ## - EDITION STATEMENT
Edition statement Simon Spotlight paperback edition.
264 #1 - Production, Publication, Distribution, Manufacture, and Copyright Notice.
Place of production, publication, distribution, manufacture New York :
Name of producer, publisher, distributor, manufacturer Simon Spotlight,
Date of production, publication, distribution, manufacture, or copyr 2017.
300 ## - PHYSICAL DESCRIPTION
Extent 1 volume (unpaged) :
Other physical details color illustrations ;
Dimensions 21 cm
336 ## - Content Type
Content type term text
336 ## - Content Type
Content type term still image
337 ## - Media type
Media type term unmediated
338 ## - Carrier type
Carrier type term volume
490 1# - SERIES STATEMENT
Series statement Daniel Tiger's neighborhood
500 ## - GENERAL NOTE
General note Based on the screenplay "The neighborhood carnival."
520 ## - SUMMARY, ETC.
Summary, etc Daniel is finally big enough to ride the Ferris wheel. But when he sees how tall it is, he's not sure he wants to go on it. With Mom Tiger by his side, Daniel makes a choice and has a beautiful day at the carnival.
650 #0 - SUBJECT ADDED ENTRY--TOPICAL TERM
Topical term or geographic name as entry element Carnivals
Form subdivision Juvenile fiction.
9 (RLIN) 5701601
650 #0 - SUBJECT ADDED ENTRY--TOPICAL TERM
Topical term or geographic name as entry element Games
Form subdivision Juvenile fiction.
9 (RLIN) 5686531
700 1# - ADDED ENTRY--PERSONAL NAME
Personal name Ferrer, Dustin
9 (RLIN) 5768815
700 1# - ADDED ENTRY--PERSONAL NAME
Personal name Fruchter, Jason
9 (RLIN) 77443
730 0# - ADDED ENTRY--UNIFORM TITLE
Uniform title Daniel Tiger's neighborhood (Television program)
9 (RLIN) 5693834
830 #0 - SERIES ADDED ENTRY--UNIFORM TITLE
Uniform title Daniel Tiger's neighborhood
9 (RLIN) 5693835
942 ## - ADDED ENTRY ELEMENTS (KOHA)
Source of classification or shelving scheme Dewey Decimal Classification
Koha item type BOOK
Holdings
Withdrawn status Lost status Source of classification or shelving scheme Damaged status Not for loan Collection code Home library Current library Shelving location Date acquired Source of acquisition Cost, normal purchase price Total Checkouts Total Renewals Full call number Barcode Checked out Date last seen Date checked out Cost, replacement price Price effective from Koha item type
    Dewey Decimal Classification     Children Picture Books Wasatch County Library Wasatch County Library Main Floor Childrens Area 08/14/2017 Penworthy 13.89 64 17 E Daniel Tiger 34301001531864 04/26/2026 02/25/2026 02/25/2026 13.89 03/20/2020 BOOK
This project was made possible through a grant from the Institute of Museum and Library Service administered by the Utah State Library Division.

Wasatch County Library

  • 465 East 1200 South, Heber City, Utah 84032
  • Phone 435-654-1511 | Fax 435-654-6456

Hours

  • Monday - Friday 9:30 AM - 8:00 PM
  • Saturday 9:30 AM - 1:30 PM
  • Closed Sundays and Holidays